000 00555nam a22001577a 4500
003 NUST
038 _aNusrat Nadeem
082 _a200
100 _aShoukat, Uzma
_9130660
245 _aThe Impact of Authentic Leadership on Employee Performance: A study conducted in Pakistan Private Banking Sector/
_cUzma Shoukat,
264 _aIslamabad:
_bNBS NUST.
_c2025.
650 _aMS-Management and Human Resource
_9122991
700 _aSupervisor. Dr.Asad Amjad
_9126121
856 _u http://10.250.8.41:8080/xmlui/handle/123456789/54976
942 _2ddc
_cSC
999 _c614838
_d614838